| 000 | 00341nam a22001577a 4500 | ||
|---|---|---|---|
| 003 | SGT | ||
| 020 | _a978-81-7660-2532 | ||
| 082 |
_a611 _bH18I |
||
| 100 | _aINGALE,SUVARNA.P | ||
| 245 | _aHUMAN ANATOMY AND PHYSIOLOGY | ||
| 250 | _a4TH | ||
| 260 |
_aPUNE _bEVEREST PUB _c2018 |
||
| 300 | _a116 | ||
| 650 | _aPHARMACY | ||
| 942 |
_2ddc _cBK _016 |
||
| 999 |
_c19367 _d19367 |
||